| 000 | 00592nam a2200193Ia 4500 | ||
|---|---|---|---|
| 008 | 140321s9999 xx 000 0 und d | ||
| 020 | _a9781111344832 | ||
| 050 |
_aLB 1051 _b.B452117 2012 |
||
| 100 | _aSnowman, Jack | ||
| 245 |
_aPsychology applied to teaching / _cJack Snowman and Rick McCown. |
||
| 250 | _a13th ed. | ||
| 260 |
_aCalifornia : _bWadsworth, _cc2012. |
||
| 300 |
_a637 p. : _bcol. ill. ; _c28 cm. |
||
| 500 | _aIncludes bibliographical references and indexes. | ||
| 521 | _aPSYCH | ||
| 650 |
_aEducational psychology _xTextbooks. |
||
| 942 |
_kFOR _cBK |
||
| 999 |
_c48178 _d48178 |
||